Längste Bundesliga-Karrieren - Statistiken

Allgemein
  • Dieses Quiz wurde 167 mal gespielt
  • Das Durchschnittsergebnis liegt bei 5 aus 14
Antwortstatistiken
# Karriere Verein Spieler % Korrekt
19 2006- FC Bayern München Manuel Neuer
89%
20 1987-2008 FC Bayern München Oliver Kahn
67%
18 2007-2024 Borussia Dortmund Mats Hummels
58%
20 1999-2020 Werder Bremen Claudio Pizarro
52%
19 1972-1991 Eintracht Frankfurt Karl-Heinz Körbel
46%
19 1968-1988 FC Schalke 04 Klaus Fischer
43%
18 1990-2007 FC Bayern München Mehmet Scholl
31%
22 1965-1988 FC Schalke 04 Klaus Fichtel
27%
18 1984-2002 FC Schalke 04 Olaf Thon
27%
19 1971-1991 Hamburger SV Manfred Kaltz
26%
18 1976-1996 Werder Bremen Miroslav Votava
20%
18 2000-2018 Borussia Dortmund Roman Weidenfeller
20%
18 1985-2004 Borussia Dortmund Stefan Reuter
11%
18 1980-1998 VfB Stuttgart Günther Schäfer
4%
Keine übereinstimmenden Quizze gefunden
Verteilung der Resultate
Anzahl Personen mit jedem Resultat
Perzentil nach korrekt beantworteten Fragen
Ihre Resultats-Entwicklung
Sie haben dieses Quiz noch nicht gespielt